British Airways Destinations - Statistics

General Stats
  • This quiz has been taken 59 times
  • The average score is 203 of 421
Answer Stats
Country Destination % Correct
United Kingdom Isle of Man
98%
Netherlands Amsterdam
91%
Spain Barcelona
91%
Ireland Dublin
91%
Portugal Lisbon
91%
United Arab Emirates Abu Dhabi
89%
Greece Athens
89%
Germany Berlin
89%
United Arab Emirates Dubai
89%
United Kingdom Edinburgh
89%
United Kingdom Manchester
89%
Italy Milan (Linate)
89%
Italy Milan (Malpensa)
89%
Algeria Algiers
86%
Finland Helsinki
86%
United States Miami
86%
Italy Rome (Fiumicino)
86%
Australia Sydney
86%
Canada Toronto
86%
Poland Warsaw
86%
Switzerland Zurich
86%
United States Atlanta
84%
Denmark Copenhagen
84%
Germany Frankfurt
84%
United Kingdom Glasgow
84%
United States New York (JFK)
84%
Norway Oslo
84%
Sweden Stockholm (Arlanda)
84%
Canada Vancouver
84%
Italy Venice
84%
Ethiopia Addis Ababa
82%
China Beijing
82%
Belgium Brussels
82%
Egypt Cairo
82%
Switzerland Geneva
82%
Spain Madrid
82%
Mexico Mexico City
82%
Italy Naples
82%
Austria Vienna
82%
United Kingdom Aberdeen
80%
Nigeria Abuja
80%
Spain Alicante
80%
United Kingdom Belfast (City)
80%
Romania Bucharest
80%
Argentina Buenos Aires
80%
United States Chicago (O'Hare)
80%
United States Houston (Hobby)
80%
United States Houston (Intercontinental)
80%
United Kingdom London (City)
80%
United Kingdom London (Gatwick)
80%
United Kingdom London (Heathrow)
80%
United Kingdom London (Stansted)
80%
United States Los Angeles
80%
Canada Montreal
80%
Germany Munich
80%
United Kingdom Newcastle
80%
France Nice
80%
Portugal Porto
80%
Brazil Rio de Janeiro
80%
United States San Francisco
80%
Japan Tokyo (Haneda)
80%
Japan Tokyo (Narita)
80%
New Zealand Auckland
77%
Thailand Bangkok
77%
Hungary Budapest
77%
South Africa Cape Town
77%
United States Dallas/Fort Worth
77%
India Delhi
77%
United States Denver
77%
Turkey Istanbul
77%
France Lyon
77%
Spain Malaga
77%
France Marseille
77%
United States Orlando
77%
Japan Osaka
77%
Japan Osaka (Itami)
77%
Australia Perth
77%
Saudi Arabia Riyadh
77%
Chile Santiago
77%
Spain Santiago de Compostela
77%
United States Seattle/Tacoma
77%
Singapore Singapore
77%
Ghana Accra
75%
Spain Bilbao
75%
Italy Florence
75%
Malaysia Kuala Lumpur
75%
India Mumbai
75%
Czech Republic Prague
75%
Estonia Tallinn
75%
France Bordeaux
73%
United States Boston
73%
Qatar Doha
73%
Germany Hamburg
73%
Indonesia Jakarta
73%
South Africa Johannesburg
73%
Peru Lima
73%
Australia Melbourne
73%
Spain Tenerife (South)
73%
Australia Adelaide
70%
United States Austin
70%
Brazil Brasilia
70%
Morocco Casablanca
70%
Germany Cologne/Bonn
70%
Ireland Cork
70%
China Hong Kong
70%
Pakistan Islamabad
70%
Jamaica Kingston
70%
Morocco Marrakesh
70%
Kenya Nairobi
70%
United States Phoenix
70%
United States Portland (OR)
70%
Latvia Riga
70%
Netherlands Rotterdam
70%
United States San Diego
70%
China Shanghai
70%
Bulgaria Sofia
70%
United States Washington (Dulles)
70%
Jordan Amman
68%
India Bangalore
68%
United States Birmingham
68%
Italy Bologna
68%
Canada Calgary
68%
Germany Dusseldorf
68%
Gibraltar Gibraltar
68%
Spain Granada
68%
Grenada Grenada
68%
Poland Krakow
68%
United States Newark
68%
United States Philadelphia
68%
Croatia Split
68%
Israel Tel Aviv
68%
Croatia Zagreb
68%
Turkey Antalya
66%
Mexico Cancun
66%
United States Charlotte
66%
Vietnam Ho Chi Minh City
66%
Austria Innsbruck
66%
Saudi Arabia Jeddah
66%
United Kingdom Jersey
66%
Kuwait Kuwait City
66%
United States Las Vegas
66%
Iceland Reykjavik
66%
Brazil Sao Paulo (Guarulhos)
66%
Taiwan Taipei
66%
Greece Thessaloniki
66%
Spain Valencia
66%
Antigua Antigua
64%
Bahrain Bahrain
64%
Barbados Barbados
64%
Switzerland Basel
64%
Sri Lanka Colombo
64%
Tanzania Dar es Salaam
64%
United States Detroit
64%
Sweden Gothenburg
64%
Spain Ibiza
64%
Nigeria Lagos
64%
Luxembourg Luxembourg
64%
United States Minneapolis/St Paul
64%
United States New Orleans
64%
Austria Salzburg
64%
South Korea Seoul (Incheon)
64%
Spain Seville
64%
New Zealand Wellington
64%
Norway Bergen
61%
Colombia Bogota
61%
Australia Brisbane
61%
Oman Muscat
61%
Panama Panama City
61%
Costa Rica | United States San Jose
61%
Greece Santorini
61%
United States Tampa
61%
Albania Tirana
61%
France Toulouse
61%
Italy Turin
61%
Lithuania Vilnius
61%
Aruba Aruba
59%
United States Baltimore
59%
Croatia Dubrovnik
59%
South Africa Durban
59%
Greece Heraklion
59%
Slovenia Ljubljana
59%
Bahamas Nassau
59%
United States Raleigh/Durham
59%
Germany Stuttgart
59%
Italy Bari
57%
Indonesia Denpasar
57%
Bangladesh Dhaka
57%
Portugal Faro
57%
Germany Hannover
57%
Pakistan Karachi
57%
Pakistan Lahore
57%
Cyprus Larnaca
57%
United Kingdom Leeds/Bradford
57%
Ireland Shannon
57%
Bermuda Bermuda
55%
India Chennai
55%
United States Memphis
55%
Jamaica Montego Bay
55%
United States Nashville
55%
Italy Palermo
55%
Thailand Phuket
55%
Greece Rhodes
55%
New Zealand Christchurch
52%
Mexico Guadalajara
52%
Australia Hobart
52%
Maldives Malé
52%
Malta Malta
52%
United States Pittsburgh
52%
United States Salt Lake City
52%
St. Kitts St. Kitts
52%
United States St. Louis
52%
Venezuela Caracas
50%
United States Cleveland
50%
Greece Corfu
50%
Spain Gran Canaria
50%
Zimbabwe Harare
50%
United States Indianapolis
50%
Spain Lanzarote
50%
Italy Pisa
50%
Dominican Republic Santo Domingo
50%
St. Lucia St. Lucia
50%
Italy Verona
50%
Morocco Agadir
48%
Australia Canberra
48%
United States Cincinnati
48%
Guatemala Guatemala City
48%
United Kingdom Inverness
48%
Turkey Izmir
48%
Japan Nagoya
48%
United States Sacramento
48%
United States San Antonio
48%
Japan Sapporo
48%
India Hyderabad
45%
Mauritius Mauritius
45%
Germany Nuremburg
45%
Trinidad and Tobago Port of Spain
45%
Italy Catania
43%
United States Columbus
43%
United States Jackson
43%
United States Kansas City
43%
Greece Kos
43%
Bolivia La Paz
43%
Uruguay Montevideo
43%
Puerto Rico San Juan
43%
Norway Tromso
43%
Tanzania Zanzibar
43%
United States Albuquerque
41%
Brazil Belo Horizonte
41%
Australia Cairns
41%
United States Jacksonville
41%
Cyprus Paphos
41%
Dominican Republic Punta Cana
41%
Georgia Tbilisi
41%
Namibia Windhoek
41%
United States Anchorage
39%
Denmark Billund
39%
Turkey Bodrum
39%
United States Fort Lauderdale
39%
Japan Fukuoka
39%
United States Honolulu
39%
Spain Menorca
39%
Mexico Monterrey
39%
Greece Mykonos
39%
Saudi Arabia Dammam
36%
United States El Paso
36%
Spain Fuerteventura
36%
Portugal Funchal
36%
Mozambique Maputo
36%
United States Oklahoma City
36%
Cambodia Phnom Penh
36%
South Africa Port Elizabeth
36%
Italy Bergamo
34%
United States Buffalo
34%
Italy Cagliari
34%
United States Charleston
34%
Cayman Islands Grand Cayman
34%
France Grenoble
34%
France Montpellier
34%
Croatia Pula
34%
United States Richmond
34%
Greece Zakynthos
34%
Spain A Coruña
32%
United States Hartford
32%
United States Louisville
32%
Canada Ontario
32%
Brazil Porto Alegre
32%
United States Tucson
32%
Greece Chania
30%
Turkey Dalaman
30%
United States Key West
30%
Malaysia Penang
30%
United States Reno/Tahoe
30%
Finland Rovaniemi
30%
Egypt Sharm El Sheikh
30%
Trinidad and Tobago Tobago
30%
China Xi'an
30%
United States Little Rock
27%
Italy Olbia
27%
Turks and Caicos Providenciales
27%
Indonesia Surabaya
27%
Spain Almeria
25%
United States Boise
25%
United States Colorado Springs
25%
United States Grand Rapids
25%
Spain Jerez de la Frontera
25%
United States Omaha
25%
Portugal Ponta Delgada
25%
Mexico San Jose del Cabo
25%
United States Santa Fe
25%
Spain Santander
25%
US Virgin Islands St. Thomas
25%
United States Tulsa
25%
United States Albany
23%
Italy Brindisi
23%
United States Des Moines
23%
China Harbin
23%
Greece Kefalonia
23%
United Kingdom Newquay
23%
Finland Oulu
23%
United States Palm Springs
23%
Brazil Salvador
23%
United States Savannah
23%
United States Spokane
23%
United States Tallahassee
23%
United States West Palm Beach
23%
France Bastia
20%
United States Dayton
20%
South Africa East London
20%
United States Fort Myers
20%
United States Fresno
20%
Greece Kalamata
20%
United States Knoxville
20%
Mexico Leon
20%
United States Norfolk
20%
France Paris (Charles de Gaulle)
20%
France Paris (Orly)
20%
Mexico Puerto Vallarta
20%
Italy Rimini
20%
United States Rochester (MN)
20%
United States Rochester (NY)
20%
United States Syracuse
20%
Spain Vigo
20%
United States Baton Rouge
18%
Mexico Chihuahua
18%
Tanzania Kilimanjaro
18%
Thailand Krabi
18%
United States Mobile
18%
Pakistan Multan
18%
China Nanjing
18%
United Kingdom Norwich
18%
Dominican Republic Puerto Plata
18%
Zimbabwe Victoria Falls
18%
United States Fargo
16%
United States Fort Wayne
16%
Thailand Koh Samui
16%
United States Lexington
16%
Zambia Livingstone
16%
China Ningbo
16%
Italy Salerno
16%
Greece Skiathos
16%
United States Amarillo
14%
United States Fairbanks
14%
United States Green Bay
14%
United States Lubbock
14%
United States Madison
14%
China Qingdao
14%
Spain San Sebastian
14%
United States Springfield/Branson
14%
United States Wichita
14%
France Bergerac
11%
United States Corpus Christi
11%
Finland Kittila
11%
United States Lafayette
11%
Malaysia Langkawi
11%
Spain Melilla
11%
Mexico Morelia
11%
Spain Pamplona
11%
United States Pensacola
11%
Greece Preveza/Lefkada
11%
United States Shreveport
11%
Pakistan Sialkot
11%
United Kingdom Stornoway
11%
France Corsica
9%
United States Evansville
9%
Finland Ivalo
9%
United States Kahului
9%
United Kingdom Kirkwall
9%
Malaysia Kota Kinabalu
9%
United States Midland
9%
Spain Oviedo
9%
United States Peoria
9%
New Zealand Queenstown
9%
China Shenyang
9%
United States Cedar Rapids
7%
France Chambery
7%
China Changchun
7%
China Dalian
7%
United States Flint
7%
United States Kona
7%
United States McAllen
7%
United States San Luis Obispo
7%
United Kingdom Sumburgh
7%
United States Traverse City
7%
United Kingdom Wick
7%
United Kingdom Benbecula
5%
United States Brownsville
5%
United Kingdom Cambridge
5%
United States Champaign
5%
United States Fayetteville
5%
United States Grand Junction
5%
United States Kalamazoo
5%
United States Wichita Falls
5%
United States College Station
2%
United Kingdom Islay
2%
United States Kauai
2%
United States La Crosse
2%
United States Manhattan
2%
Spain Palma de Majorca
2%
United States Valparaiso
2%
Oman Salahah
0%
No matching quizzes found
Score Distribution
Percent of People with Each Score
Percentile by Number Answered
Your Score History
You have not taken this quiz